Cuiabália : (Record no. 1110)

MARC details
000 -LÍDER
Campo Fixo de Controle 00668nam a2200229 a 4500
001 - NÚMERO DE CONTROLE
Campo de Controle 1110
003 - IDENTIFICAÇÃO DO NÚMERO DE CONTROLE
Campo de Controle BR-CuiBMT
005 - DATA E HORA DA ÚLTIMA ATUALIZAÇÃO
Campo de Controle 20231129021755.0
008 - DADOS FIXOS
Dados Fixos 231128s2013 mtba 000 0 por d
020 ## - INTERNATIONAL STANDARD BOOK NUMBER
Nº do ISBN 9788579920561
040 ## - AGÊNCIA CATALOGADORA
Código da Agência Catalogadora BR-CuiBMT
Agência que transcreveu o registro BR-CuiBMT
080 ## - Nº DA CLASSIFICAÇÃO DECIMAL UNIVERSAL
Nº edição CDU 2007
Nº Class. CDU 821.134.3
Subd. Auxiliar Comum (817.2)
-- -94
090 ## - NÚMERO DE CHAMADA
Nº classificação 821.134.3(817.2)-94
Cutter P644c
100 1# - ENTRADA PRINCIPAL -- AUTOR PESSOAL
Nome pessoal Pimentel, Hélio
245 10 - TÍTULO PRINCIPAL
Título principal Cuiabália :
Subtítulo crônicas /
Indicação de responsabilidade Hélio Pimentel.
260 ## - PUBLICAÇÃO, DISTRIBUIÇÃO, ETC.
Local de publicação Cuiabá :
Editora Entrelinhas,
Data 2013.
300 ## - DESCRIÇÃO FÍSICA
N. páginas ou volumes 169 p. :
Ilustrações il. ;
Dimensões 23 cm
650 ## - ASSUNTO TÓPICO
Cabeçalho tópico ou nome geográfico Literatura mato-grossense
Subdivisão geral Crônicas
650 ## - ASSUNTO TÓPICO
Cabeçalho tópico ou nome geográfico Crônicas mato-grossenses
650 ## - ASSUNTO TÓPICO
Cabeçalho tópico ou nome geográfico Crônicas brasileiras
942 ## - ELEMENTOS DE ENTRADA ADICIONAIS (KOHA)
Fonte de classificação ou esquema de arquivamento Classificação Decimal Universal
Tipo de item do Koha Livros
Holdings
Estado: removido Estado: perdido Fonte de classificação ou esquema de arquivamento Estado: danificado Indisponível para empréstimo Localização permanente Localização atual Data de aquisição Total Checkouts Número de Chamada completo Código de barras Date last seen Número do exemplar Preço efetivo a partir de Tipo de item (Koha)
    Classificação Decimal Universal     Biblioteca da Escola Superior de Contas do TCE/MT Biblioteca da Escola Superior de Contas do TCE/MT 28/11/2023   821.134.3(817.2)-94 P644c BIBTCEMT23111276 28/11/2023 Ex. 1 28/11/2023 Livros

Powered by Koha